Element, US State, both or neither? Quiz Stats

 Plays Quiz not verified by Sporcle

Score 0/150 Timer 10:00
0 Plays Today
% Correct
STATE
57.7%
STATE
46.2%
ELEMENT
46.2%
ELEMENT
46.2%
BOTH
42.3%
ELEMENT
42.3%
ELEMENT
42.3%
ELEMENT
42.3%
ELEMENT
42.3%
BOTH
38.5%
BOTH
38.5%
ELEMENT
38.5%
ELEMENT
38.5%
ELEMENT
38.5%
ELEMENT
38.5%
ELEMENT
38.5%
ELEMENT
38.5%
ELEMENT
38.5%
ELEMENT
38.5%
ELEMENT
38.5%
ELEMENT
34.6%
STATE
34.6%
STATE
34.6%
STATE
34.6%
STATE
34.6%
ELEMENT
34.6%
ELEMENT
34.6%
ELEMENT
34.6%
ELEMENT
34.6%
ELEMENT
34.6%
ELEMENT
34.6%
ELEMENT
34.6%
ELEMENT
34.6%
ELEMENT
34.6%
ELEMENT
34.6%
ELEMENT
34.6%
ELEMENT
34.6%
ELEMENT
34.6%
ELEMENT
34.6%
ELEMENT
34.6%
BOTH
30.8%
STATE
30.8%
STATE
30.8%
STATE
30.8%
STATE
30.8%
STATE
30.8%
STATE
30.8%
STATE
30.8%
STATE
30.8%
STATE
30.8%
% Correct
ELEMENT
30.8%
ELEMENT
30.8%
ELEMENT
30.8%
ELEMENT
30.8%
ELEMENT
30.8%
ELEMENT
30.8%
ELEMENT
30.8%
ELEMENT
30.8%
ELEMENT
30.8%
ELEMENT
30.8%
ELEMENT
30.8%
ELEMENT
30.8%
ELEMENT
30.8%
ELEMENT
30.8%
ELEMENT
30.8%
ELEMENT
30.8%
ELEMENT
30.8%
ELEMENT
30.8%
NEITHER
30.8%
ELEMENT
30.8%
NEITHER
30.8%
BOTH
26.9%
BOTH
26.9%
BOTH
26.9%
BOTH
26.9%
STATE
26.9%
STATE
26.9%
STATE
26.9%
STATE
26.9%
STATE
26.9%
STATE
26.9%
ELEMENT
26.9%
ELEMENT
26.9%
ELEMENT
26.9%
ELEMENT
26.9%
ELEMENT
26.9%
ELEMENT
26.9%
ELEMENT
26.9%
ELEMENT
26.9%
ELEMENT
26.9%
ELEMENT
26.9%
NEITHER
26.9%
NEITHER
26.9%
NEITHER
26.9%
NEITHER
26.9%
NEITHER
26.9%
NEITHER
26.9%
STATE
23.1%
STATE
23.1%
STATE
23.1%
% Correct
STATE
23.1%
STATE
23.1%
STATE
23.1%
ELEMENT
23.1%
ELEMENT
23.1%
ELEMENT
23.1%
ELEMENT
23.1%
ELEMENT
23.1%
ELEMENT
23.1%
ELEMENT
23.1%
ELEMENT
23.1%
ELEMENT
23.1%
ELEMENT
23.1%
ELEMENT
23.1%
BOTH
19.2%
BOTH
19.2%
BOTH
19.2%
STATE
19.2%
STATE
19.2%
STATE
19.2%
STATE
19.2%
ELEMENT
19.2%
ELEMENT
19.2%
ELEMENT
19.2%
ELEMENT
19.2%
NEITHER
19.2%
NEITHER
19.2%
BOTH
15.4%
BOTH
15.4%
BOTH
15.4%
BOTH
15.4%
BOTH
15.4%
STATE
15.4%
STATE
15.4%
STATE
15.4%
ELEMENT
15.4%
ELEMENT
15.4%
ELEMENT
15.4%
ELEMENT
15.4%
ELEMENT
15.4%
ELEMENT
15.4%
NEITHER
15.4%
NEITHER
15.4%
NEITHER
15.4%
NEITHER
15.4%
NEITHER
11.5%
ELEMENT
11.5%
ELEMENT
7.7%
NEITHER
7.7%
ELEMENT
3.8%

You're not logged in!

Compare scores with friends on all Sporcle quizzes.
OR
Log In

Sporcle TV

Today on Sporcle TV


Watch our educational content, quiz creation guides, and fun videos on Sporcle TV.

Show Comments

Extras

Top Quizzes Today


Score Distribution

Your Account Isn't Verified!

In order to create a playlist on Sporcle, you need to verify the email address you used during registration. Go to your Sporcle Settings to finish the process.

Report this User

Report this user for behavior that violates our Community Guidelines.

Details: